00592nam a2200181 a 45000010010000000030011000100080041000210350026000620820014000881000030001022450047001322600052001796500019002319420012002509520096002629980037003589990015003950000-8525ELIB.Books110520 1961  a(ELIB.Books)0000-8670 a270 bLat aLatourette, Kenneth Scott aThe Twentieth Century in Europe. Volume IV bGrand Rapids: Zondervan Publishing House c1961 aChurch History 2ddccBK 00102ddc4070aKBTSbKBTSd2011-05-20l0p3335, 8710r2022-01-22 00:00:00w2022-01-22yBK cbate2011-05-20mcatu2019-06-30 c8525d8525